LIBRARY & INFORMATION CENTRE, KCAET, TAVANUR

ONLINE PUBLIC ACCESS CATALOGUE (OPAC)

Dhanashasthrathinte purogathi jeevacharithrangaliloode / (Record no. 4378)

MARC details
000 -LEADER
fixed length control field 00433cam a2200169ua 4500
041 ## - LANGUAGE CODE
Language code of text/sound track or separate title mal
082 ## - DEWEY DECIMAL CLASSIFICATION NUMBER
Classification number 332
Item number PET/DH
100 ## - MAIN ENTRY--AUTHOR NAME
Personal name Peter, K C .
245 ## - TITLE STATEMENT
Title Dhanashasthrathinte purogathi jeevacharithrangaliloode /
260 ## - PUBLICATION, DISTRIBUTION, ETC. (IMPRINT)
Place of publication Eranakulam :
Name of publisher C I C C Book House ,
Year of publication 1965.
300 ## - PHYSICAL DESCRIPTION
Number of Pages 279 ; .
942 ## - ADDED ENTRY ELEMENTS (KOHA)
Koha item type Books
Holdings
Withdrawn status Lost status Damaged status Home library Current library Date acquired Full call number Accession Number Koha item type Public note
Withdrawn   Damaged KAUAET Malayalam University 07/04/2012 332 8103 Books Transferred to Malayalam University
free website counter